00997 2200265 4500001002100000005001500021035002000036007000300056008004100059020001800100082001100118084001500129245008000144250001400224300003800238520026200276600003100538264003000569336002100599337003000620338002300650700002600673990001600699990001600715INLIS00000000000002620260410012646 a0010-0426000025ta260410 g 0 ind  a9789792940077 a006.68 a006.68 PAS aPasti Bisa!! Belajar Sendiri Adobe Illustrator CS6 /cIlustrator, Leo Agung aCetakan 1 a202 :bIlustrasi ;c14 cm x 21 cm aBuku panduan praktis yang dirancang khusus untuk pemula agar mampu menguasai desain vektor secara mandiri. Materi berfokus pada pengoperasian alat kerja, pembuatan objek, manajemen layer, hingga teknik perwarnaan dengan metode tutorial bertahap dan latihan. 4aKomputer - Perangkat Lunak aYogyakarta :bANDI,c2013 2rdacontentaTeks 2rdamediaaTanpa perantara 2rdacarrieraVolume0 aLeo AgungeIlustrator aPP000067/19 aPP000066/19